La legislacion hipotecaria en forma de sinopsis (Record no. 153732)

MARC details
000 -LEADER
campo de control de longitud fija 00794nam a22002055i 4500
001 - NÚMERO DE CONTROL
campo de control 153732
003 - IDENTIFICADOR DE NÚMERO DE CONTROL
campo de control ES-MaACL
005 - FECHA Y HORA DE LA ÚLTIMA TRANSACCIÓN
campo de control 20250827062628.0
008 - DATOS DE LONGITUD FIJA--INFORMACIÓN GENERAL
campo de control de longitud fija 990616s1883 sp l |||| | spa d
040 ## - FUENTE DE CATALOGACIÓN
Centro catalogador/agencia de origen CCPB | B
Lengua de catalogación spa
Centro/agencia transcriptor CCPB | B
110 1# - ENTRADA PRINCIPAL--NOMBRE DE ENTIDAD CORPORATIVA
Nombre de entidad corporativa o nombre de jurisdicción como elemento de entrada España
9 (RLIN) 3622
240 10 - TÍTULO UNIFORME
Título uniforme Leyes, etc., hipotecarias
245 13 - MENCIÓN DEL TÍTULO
Título La legislacion hipotecaria en forma de sinopsis
Resto del título : comprende la ley hipotecaria y reglamento de la peninsula e islas de Cuba y Puerto-Rico y todas las leyes ... /
Mención de responsabilidad, etc. por Rafael Ramos.
260 ## - PUBLICACIÓN, DISTRIBUCIÓN, ETC.
Lugar de publicación, distribución, etc. Madrid :
Nombre del editor, distribuidor, etc. [s.n.],
Fecha de publicación, distribución, etc. 1883 (
Fabricante Imprenta de la Revista de Legislación a cargo de M. Ramos)
300 ## - DESCRIPCIÓN FÍSICA
Extensión 512 p. ;
Dimensiones 24 cm.
650 #4 - PUNTO DE ACCESO ADICIONAL DE MATERIA--TÉRMINO DE MATERIA
Término de materia o nombre geográfico como elemento de entrada Hipotecas-
Subdivisión geográfica España.
9 (RLIN) 13364
700 0# - ENTRADA AGREGADA--NOMBRE PERSONAL
Nombre de persona Ramos, Rafael.
9 (RLIN) 95276
852 ## - LOCALIZACIÓN
Ubicación ES-MaACL
Número de control de estantería F-7841
Nota libre -- Enc. pasta
Holdings
Estatus retirado Estado de pérdida Estado de daño No para préstamo Colección Biblioteca de origen Biblioteca actual Ubicación en estantería Fecha de adquisición Fuente de adquisición Total de préstamos Signatura topográfica completa Código de barras Visto por última vez Precio de reemplazo Tipo de ítem Koha
        Libros del s. XIX Biblioteca del Ateneo de Madrid Biblioteca del Ateneo de Madrid Sala Pecera Planta 2 17/01/2008     F-7841 1160718 23/02/2023 23/02/2023 Libro impreso antiguo